[Event "56th Rubinstein Memorial A 2020"]
[Site "Polanica Zdroj"]
[Date "2020.08.23"]
[Round "9.6"]
[White "Lukasiewicz, Krzysztof"]
[Black "Goluch, Piotr"]
[Result "1-0"]
[WhiteElo "2343"]
[BlackElo "2376"]
[Annotator "ChessBase"]
[PlyCount "87"]
[EventDate "2020.08.15"]
[EventType "swiss"]
[EventCountry "POL"]
[SourceTitle "playchess.com"]
[Source "ChessBase"]
[SourceQuality "1"]
[TimeControl "40/5400+30:1800+30"]

1. d4 {[%emt 0:00:00]} Nf6 {[%emt 0:00:00]} 2. Bf4 {[%emt 0:00:00]} c5 {[%emt 0:00:00]} 3. e3 {[%emt 0:00:00]} cxd4 {[%emt 0:00:00]} 4. exd4 {[%emt 0:00:00]} d5 {[%emt 0:00:00]} 5. Bd3 {[%emt 0:02:44]} Nc6 {[%emt 0:00:00]} 6. c3 {[%emt 0:00:03]} Bg4 {[%emt 0:00:00]} 7. Qb3 {[%emt 0:01:44]} Qc8 {[%emt 0:00:01]} 8. Nd2 {[%emt 0:00:04]} e6 {[%emt 0:00:07]} 9. Ngf3 {[%emt 0:00:04]} Be7 {[%emt 0:00:35]} 10. O-O {[%emt 0:13:04]} O-O {[%emt 0:00:04]} 11. Rfe1 {[%emt 0:01:52]} Bh5 {[%emt 0:00:06]} 12. Ne5 {[%emt 0:02:30]} Nxe5 {[%emt 0:00:14]} 13. dxe5 {[%emt 0:02:55]} Nd7 {[%emt 0:01:02]} 14. Qc2 {[%emt 0:00:07]} Bg6 {[%emt 0:00:14]} 15. Bxg6 {[%emt 0:00:04]} fxg6 {[%emt 0:03:35]} 16. Bg3 {[%emt 0:01:29]} Bc5 {[%emt 0:00:05]} 17. Qb3 {[%emt 0:03:53]} Nb6 {[%emt 0:04:16]} 18. Rac1 {[%emt 0:04:58]} Nc4 {[%emt 0:00:06]} 19. Nf3 {[%emt 0:00:51]} Qd7 {[%emt 0:11:11]} 20. Qc2 {[%emt 0:02:50]} Rac8 {[%emt 0:04:56]} 21. b3 {[%emt 0:05:29]} Na3 {[%emt 0:00:35]} 22. Qd3 {[%emt 0:00:04]} b5 {[%emt 0:01:02]} 23. c4 {[%emt 0:05:36]} bxc4 {[%emt 0:11:57]} 24. bxc4 {[%emt 0:01:17]} d4 {[%emt 0:00:10]} 25. Red1 {[%emt 0:02:16]} Qa4 {[%emt 0:10:25]} 26. Bh4 {[%emt 0:08:07]} Rfe8 {[%emt 0:18:58]} 27. Bg5 {[%emt 0:02:52]} Bb6 {[%emt 0:01:23]} 28. Qb3 {[%emt 0:12:02]} Qa6 {[%emt 0:00:02]} 29. Nxd4 {[%emt 0:03:11]} h6 {[%emt 0:07:14]} 30. Nb5 {[%emt 0:02:54]} hxg5 {[%emt 0:00:02]} 31. Nxa3 {[%emt 0:00:23]} Rf8 {[%emt 0:00:04]} 32. Rc2 {[%emt 0:01:33]} Bc5 {[%emt 0:00:02]} 33. Nb5 {[%emt 0:00:15]} Rf4 {[%emt 0:02:56]} 34. g3 {[%emt 0:04:54]} Rff8 {[%emt 0:00:05]} 35. Nd6 {[%emt 0:01:47]} Rcd8 {[%emt 0:04:50]} 36. Rcd2 {[%emt 0:00:28]} Qc6 {[%emt 0:00:30]} 37. Qc2 {[%emt 0:01:15]} Qf3 {[%emt 0:01:37]} 38. Ne4 {[%emt 0:04:39]} Rxd2 {[%emt 0:02:57]} 39. Rxd2 {[%emt 0:00:11]} Bb4 {[%emt 0:00:48]} 40. Nxg5 {[%emt 0:00:00]} Qh5 {[%emt 0:00:00]} 41. Nxe6 {[%emt 0:06:58]} Re8 {[%emt 0:04:23]} 42. Nf4 {[%emt 0:02:09]} Qxe5 {[%emt 0:00:26]} 43. Re2 {[%emt 0:00:05]} Qa1+ {[%emt 0:00:05]} 44. Kg2 {[%emt 0:00:04]} 1-0

[Event "56th Rubinstein Memorial A 2020"]
[Site "Polanica Zdroj"]
[Date "2020.08.23"]
[Round "9.6"]
[White "Siekanska, Maria"]
[Black "Polak, Michal"]
[Result "1-0"]
[WhiteElo "1928"]
[BlackElo "1878"]
[Annotator "NA"]
[PlyCount "57"]
[EventDate "2020.08.15"]
[EventType "swiss"]
[EventCountry "POL"]
[SourceTitle "playchess.com"]
[Source "ChessBase"]
[SourceQuality "1"]
[TimeControl "40/5400+30:1800+30"]

{[%evp 16,39,0,32767,14,13,19,0,0,0,44,20,21,-15,0,14,28,36,55,62,72,60,89,32767,32767,102]} 1. d4 {[%emt 0:00:00]} Nf6 {[%emt 0:03:43]} 2. c4 {[%emt 0:00:00]} e6 {[%emt 0:00:05]} 3. Nc3 {[%emt 0:00:00]} Bb4 {[%emt 0:00:07]} 4. e3 {[%emt 0:00:00]} O-O {[%emt 0:00:19]} 5. Bd3 {[%emt 0:00:04]} d5 {[%emt 0:00:06]} 6. a3 {[%emt 0:00:45]} Bxc3+ {[%emt 0:00:44]} 7. bxc3 {[%emt 0:00:08]} c5 {[%emt 0:01:18]} 8. cxd5 {[%emt 0:00:41]} exd5 {[%emt 0:00:39]} 9. Ne2 {[%emt 0:00:44]} Nc6 {[%emt 0:04:06]} 10. O-O {[%emt 0:01:15]} Re8 {[%emt 0:03:58]} 11. f3 {[%emt 0:11:11]} b6 {[%emt 0:07:45]} 12. Ng3 {[%emt 0:01:42]} a5 {[%emt 0:01:40] [#] E49: Nimzo-Indian: Rubinstein: 5 Bd3 d5 6 a3 Bxc3+ 7 bxc3.} 13. Qd2 $146 {[%emt 0:05:43]} ({Predecessor:} 13. Kh1 Ba6 14. Bxa6 Rxa6 15. Ra2 Ra7 16. a4 Rae7 17. Qb3 cxd4 18. cxd4 Nb4 19. Re2 Rc7 20. Ba3 {0-1 (40) Tregubov,P (2585)-Mareco,S (2635) Doha 2016}) 13... Ba6 {[%emt 0:01:59]} 14. Bb2 {[%emt 0:01:10]} (14. Bxa6 $14 Rxa6 15. a4) 14... Bxd3 {[%emt 0:00:40]} 15. Qxd3 {[%emt 0:00:09]} Ra7 {[%emt 0:19:06]} 16. e4 {[%emt 0:12:27]} dxe4 {[%emt 0:00:35]} 17. fxe4 {[%emt 0:00:21]} Rd7 {[%emt 0:10:48] [#]} 18. Rad1 $1 {[%emt 0:03:14]} Ne5 {[%emt 0:07:27]} (18... h5 $1 $11 {remains equal.}) 19. Qe2 {[%emt 0:06:37]} Nc6 {[%emt 0:01:33]} 20. d5 $16 {[%emt 0:02:19]} Nxd5 {[%emt 0:04:19]} 21. c4 {[%emt 0:02:43]} Nf4 {[%emt 0:10:33]} 22. Qg4 {[%emt 0:00:33]} Ne6 {[%emt 0:03:36]} 23. Rxd7 {[%emt 0:00:26]} Qxd7 {[%emt 0:00:12]} 24. Nh5 {[%emt 0:01:08]} Qd2 {[%emt 0:08:21]} 25. Nf6+ {[%emt 0:01:31]} Kh8 {[%emt 0:00:53]} 26. Nxe8 {[%emt 0:00:19]} Qxb2 {[%emt 0:00:23]} 27. Qxe6 {[%emt 0:00:17]} Qd4+ {[%emt 0:01:32]} 28. Kh1 {[%emt 0:00:07]} fxe6 {[%emt 0:00:41]} 29. Rf8# {[%emt 0:00:05]} 1-0

[Event "56th Rubinstein Memorial A 2020"]
[Site "Polanica Zdroj"]
[Date "2020.08.23"]
[Round "9.7"]
[White "Dahl, Christoph"]
[Black "Marszalek, Maciej"]
[Result "1/2-1/2"]
[WhiteElo "2228"]
[BlackElo "2315"]
[Annotator "TA"]
[PlyCount "67"]
[EventDate "2020.08.15"]
[EventType "swiss"]
[EventCountry "POL"]
[SourceTitle "playchess.com"]
[Source "ChessBase"]
[SourceQuality "1"]

{[%evp 17,67,0,0,0,0,-11,-11,-43,-47,-54,-43,-55,-43,-49,-47,-56,-62,-50,-36,-32,0,-12,-11,-3,-3,-19,-22,-32,-18,-18,0,-50,0,0,0,0,0,0,0,0,0,0,0,0,0,0,0,-5,0,-5,0,-10]} 1. e4 d6 2. d4 Nf6 3. Nc3 g6 4. f4 Bg7 5. Nf3 O-O 6. e5 dxe5 7. fxe5 Nd5 8. Bc4 Nxc3 9. bxc3 c5 10. O-O {B09: Pirc Defence: Austrian Attack.} Bg4 $1 {10...Bg4 scores better than 10...Nc6.} 11. h3 Bxf3 $1 12. Rxf3 cxd4 13. cxd4 Bxe5 $1 14. c3 {[#] Black must now prevent Qb3.} Nc6 $146 ({Predecessor:} 14... e6 15. Bh6 Bg7 16. Qd2 Nd7 17. Raf1 Nb6 18. Bb3 Rc8 19. Bg5 Qc7 20. Bf4 Qd7 {1-0 (27) Maslak,K (2405)-Peckham,M (2113) Dos Hermanas 2003}) 15. Rxf7 Rxf7 16. Bxf7+ Kxf7 17. Qb3+ {[%mdl 64] [#] Double Attack} Kg7 {aiming for ...Nxd4!} 18. dxe5 Na5 ({Much weaker is} 18... Nxe5 $6 19. Be3 $16) (18... Qb6+ {feels hotter.} 19. Qxb6 axb6 20. Be3 Ra6 21. Rb1 Kf7) 19. Qe6 (19. Qa4 {keeps more tension.} Qd5 20. Qh4 Nc6 21. Bh6+ Kh8 22. Rf1) 19... Qb6+ 20. Qxb6 axb6 $11 {[%mdl 4096] Endgame KRB-KRN} 21. Be3 Nc4 22. Bd4 Kf7 23. Rb1 Ke6 24. Bxb6 (24. Rb4 {looks sharper.} Nxe5 25. Rxb6+ Nc6 26. Rxb7 Nxd4 27. Rb6+) 24... Nxe5 25. Bd4 {The position is equal.} Nc6 26. Rxb7 Nxd4 27. cxd4 Rxa2 {KR-KR} 28. Rb6+ Kf7 29. Rb4 Rd2 30. Kh2 Rd3 31. Kg1 Rd2 32. Kh2 Rd3 33. Kg1 Rd2 34. Kh2 {Accuracy: White = 91%, Black = 90%.} 1/2-1/2

[Event "56th Rubinstein Memorial A 2020"]
[Site "Polanica Zdroj"]
[Date "2020.08.23"]
[Round "9.7"]
[White "Antoniewicz, Jakub"]
[Black "Jedynak, January"]
[Result "1-0"]
[WhiteElo "1806"]
[BlackElo "1887"]
[Annotator "NA"]
[PlyCount "113"]
[EventDate "2020.08.15"]
[EventType "swiss"]
[EventCountry "POL"]
[SourceTitle "playchess.com"]
[Source "ChessBase"]
[SourceQuality "1"]
[TimeControl "40/5400+30:1800+30"]

1. d4 {[%emt 0:00:00]} d5 {[%emt 0:00:00]} 2. Nf3 {[%emt 0:00:30]} e6 {[%emt 0:00:30]} 3. g3 {[%emt 0:00:30]} c6 {[%emt 0:00:30]} 4. Bg2 {[%emt 0:00:30]} f5 {[%emt 0:00:30]} 5. O-O {[%emt 0:00:30]} Nf6 {[%emt 0:00:30]} 6. c4 {[%emt 0:01:08]} Bd6 {[%emt 0:00:30]} 7. b3 {[%emt 0:01:34]} Qe7 {[%emt 0:00:30]} 8. Bb2 {[%emt 0:00:43]} Nbd7 {[%emt 0:02:15]} 9. Qc1 {[%emt 0:02:20] A90: Dutch Defence: Miscellaneous and Modern Stonewall (with ...Bd6).} O-O {[%emt 0:04:57]} 10. Ba3 {[%emt 0:00:30]} c5 {[%emt 0:00:30]} (10... Ne4 $11) 11. Nc3 {[%emt 0:15:21] [#]} a6 $146 {[%emt 0:08:44]} (11... b6 $14) ({Predecessor:} 11... cxd4 12. Bxd6 Qxd6 13. Nb5 Qb6 14. Nbxd4 Ne4 15. b4 e5 16. c5 Qxb4 17. Ne6 Rf6 {½-½ (87) Poobalasingam,P (2068)-Shaw,D (2201) Sunningdale 2006}) 12. cxd5 {[%emt 0:07:02]} exd5 {[%emt 0:01:43] [#]} (12... cxd4 $16 13. Bxd6 Qxd6) 13. dxc5 {[%emt 0:02:01]} (13. Nh4 $1 $18) 13... Nxc5 {[%emt 0:00:30]} 14. Rd1 {[%emt 0:18:51]} (14. Qd2 $14) 14... Be6 {[%emt 0:03:51] [#]} (14... Nce4 $11 15. Bxd6 Qxd6) 15. Ng5 $1 {[%emt 0:04:45]} Rac8 {[%emt 0:01:13]} 16. Qd2 {[%emt 0:08:31]} Nfe4 {[%emt 0:12:19]} 17. Ngxe4 {[%emt 0:01:02]} Nxe4 {[%emt 0:02:21]} 18. Bxd6 {[%emt 0:00:30]} Qxd6 {[%emt 0:00:42]} 19. Nxe4 {[%emt 0:00:30]} fxe4 {[%emt 0:00:30]} 20. Bxe4 {[%emt 0:00:30]} Qc5 {[%emt 0:01:01]} 21. Bf3 {[%emt 0:00:41]} Rcd8 $18 {[%emt 0:04:05]} 22. Qd4 {[%emt 0:02:37]} Qe7 {[%emt 0:01:33]} 23. Rac1 {[%emt 0:01:55]} Rd7 {[%emt 0:00:44]} 24. Rc5 {[%emt 0:03:11]} Rfd8 {[%emt 0:00:30]} 25. Rdc1 {[%emt 0:00:33]} Qf7 {[%emt 0:02:50]} 26. Rc8 {[%emt 0:02:16]} Qe8 {[%emt 0:00:53]} 27. R8c7 {[%emt 0:01:17]} Qe7 {[%emt 0:01:46]} 28. Qc5 {[%emt 0:02:52]} Rxc7 {[%emt 0:01:03]} 29. Qxc7 {[%emt 0:00:30]} Rd7 {[%emt 0:00:44]} 30. Qb8+ {[%emt 0:01:03]} Rd8 {[%emt 0:00:41]} 31. Rc7 {[%emt 0:01:24]} Qf6 {[%emt 0:03:33]} 32. Qxb7 {[%emt 0:00:30]} Bh3 {[%emt 0:04:10]} 33. Rc1 {[%emt 0:04:22]} Qb2 {[%emt 0:01:19]} 34. Qc7 {[%emt 0:00:30]} Rd7 {[%emt 0:04:40]} 35. Qc2 {[%emt 0:01:29]} Qa3 {[%emt 0:00:48]} 36. Bg2 {[%emt 0:00:30]} Bf5 {[%emt 0:00:30]} 37. Qd2 {[%emt 0:01:55]} Qd6 {[%emt 0:00:30]} 38. e3 {[%emt 0:00:47]} d4 {[%emt 0:01:14]} 39. Qxd4 {[%emt 0:04:22]} Qa3 {[%emt 0:04:07]} 40. Qc4+ {[%emt 0:00:30]} Kf8 {[%emt 0:00:31]} 41. e4 {[%emt 0:31:20]} Be6 {[%emt 0:30:39]} 42. Qc2 {[%emt 0:01:31]} Rd8 {[%emt 0:00:52]} 43. Qb1 {[%emt 0:02:19]} Rd2 {[%emt 0:03:20]} 44. Rc2 {[%emt 0:00:00]} Rd4 {[%emt 0:00:00]} 45. h4 {[%emt 0:00:00]} Qd6 {[%emt 0:00:00]} 46. Qb2 {[%emt 0:00:00]} Rd1+ {[%emt 0:00:00]} 47. Kh2 {[%emt 0:00:00]} Rd3 {[%emt 0:00:00]} 48. Qc1 {[%emt 0:00:00]} Qd4 {[%emt 0:00:00]} 49. Qf4+ {[%emt 0:00:00]} Ke7 {[%emt 0:00:00]} 50. Bh3 {[%emt 0:00:00]} Bxh3 {[%emt 0:00:00]} 51. Kxh3 {[%emt 0:00:00]} Rd1 {[%emt 0:00:00]} 52. Qg5+ {[%emt 0:00:00]} Ke6 {[%emt 0:00:00]} 53. Qf5+ {[%emt 0:00:00]} Kd6 {[%emt 0:00:00]} 54. Qf8+ {[%emt 0:00:00]} Kd7 {[%emt 0:00:00]} 55. Qc8+ {[%emt 0:00:00]} Ke7 {[%emt 0:00:00]} 56. Rc7+ {[%emt 0:00:00]} Kf6 {[%emt 0:00:00]} 57. Qf5# {[%emt 0:00:00]} 1-0

[Event "56th Rubinstein Memorial A 2020"]
[Site "Polanica Zdroj"]
[Date "2020.08.23"]
[Round "9.8"]
[White "Poltorak, Sebastian"]
[Black "Sernecki, Franciszek"]
[Result "1/2-1/2"]
[WhiteElo "1974"]
[BlackElo "2243"]
[Annotator "ChessBase"]
[PlyCount "96"]
[EventDate "2020.08.15"]
[EventType "swiss"]
[EventCountry "POL"]
[SourceTitle "playchess.com"]
[Source "ChessBase"]
[SourceQuality "1"]
[TimeControl "40/5400+30:1800+30"]

1. d4 {[%emt 0:00:00]} Nf6 {[%emt 0:00:01]} 2. c4 {[%emt 0:00:00]} e6 {[%emt 0:00:03]} 3. Nc3 {[%emt 0:00:00]} Bb4 {[%emt 0:00:43]} 4. Qc2 {[%emt 0:00:00]} Nc6 {[%emt 0:00:04]} 5. Nf3 {[%emt 0:00:00]} d6 {[%emt 0:00:16]} 6. a3 {[%emt 0:00:00]} Bxc3+ {[%emt 0:00:41]} 7. Qxc3 {[%emt 0:00:03]} O-O {[%emt 0:00:23]} 8. b4 {[%emt 0:00:08]} e5 {[%emt 0:01:31]} 9. dxe5 {[%emt 0:00:08]} Nxe5 {[%emt 0:07:48]} 10. Nxe5 {[%emt 0:00:14]} dxe5 {[%emt 0:00:08]} 11. Bb2 {[%emt 0:00:06]} Re8 {[%emt 0:06:26]} 12. Rd1 {[%emt 0:00:19]} Qe7 {[%emt 0:00:46]} 13. e3 {[%emt 0:00:13]} Bd7 {[%emt 0:08:06]} 14. Be2 {[%emt 0:01:52]} Ba4 {[%emt 0:11:17]} 15. Rd3 {[%emt 0:03:45]} a5 {[%emt 0:06:20]} 16. O-O {[%emt 0:04:37]} Ra6 {[%emt 0:13:20]} 17. b5 {[%emt 0:08:43]} Raa8 {[%emt 0:03:40]} 18. Bd1 {[%emt 0:01:41]} Ne4 {[%emt 0:06:33]} 19. Qc1 {[%emt 0:00:57]} Bxd1 {[%emt 0:01:52]} 20. Rfxd1 {[%emt 0:05:57]} Nc5 {[%emt 0:05:04]} 21. Rd5 {[%emt 0:00:06]} f6 {[%emt 0:01:06]} 22. a4 {[%emt 0:07:03]} c6 {[%emt 0:02:00]} 23. bxc6 {[%emt 0:03:46]} bxc6 {[%emt 0:01:09]} 24. Rd6 {[%emt 0:00:05]} Rad8 {[%emt 0:01:23]} 25. Rxd8 {[%emt 0:00:09]} Rxd8 {[%emt 0:00:03]} 26. Ba3 {[%emt 0:00:24]} Rxd1+ {[%emt 0:00:38]} 27. Qxd1 {[%emt 0:00:01]} Qd7 {[%emt 0:00:15]} 28. Qc2 {[%emt 0:04:41]} Qd3 {[%emt 0:07:58]} 29. Qxd3 {[%emt 0:00:34]} Nxd3 {[%emt 0:00:06]} 30. e4 {[%emt 0:01:43]} Kf7 {[%emt 0:09:05]} 31. Kf1 {[%emt 0:00:18]} Ke6 {[%emt 0:01:49]} 32. g3 {[%emt 0:00:59]} Nb4 {[%emt 0:02:04]} 33. Bxb4 {[%emt 0:16:30]} axb4 {[%emt 0:00:05]} 34. Ke2 {[%emt 0:00:04]} c5 {[%emt 0:00:26]} 35. g4 {[%emt 0:01:55]} Kd6 {[%emt 0:01:37]} 36. Kd2 {[%emt 0:00:05]} Kc6 {[%emt 0:00:43]} 37. Kc2 {[%emt 0:00:05]} Kb6 {[%emt 0:00:04]} 38. Kb2 {[%emt 0:00:04]} Ka6 {[%emt 0:00:29]} 39. Ka2 {[%emt 0:00:05]} Kb7 {[%emt 0:01:48]} 40. Kb2 {[%emt 0:00:00]} Kb6 {[%emt 0:00:00]} 41. Ka2 {[%emt 0:00:09]} Ka5 {[%emt 0:01:38]} 42. Kb3 {[%emt 0:00:07]} g6 {[%emt 0:01:44]} 43. h4 {[%emt 0:00:11]} h6 {[%emt 0:00:41]} 44. h5 {[%emt 0:00:06]} g5 {[%emt 0:01:02]} 45. f3 {[%emt 0:00:05]} Ka6 {[%emt 0:00:10]} 46. Kb2 {[%emt 0:00:06]} Kb6 {[%emt 0:00:03]} 47. Ka2 {[%emt 0:00:05]} Ka5 {[%emt 0:00:09]} 48. Kb3 {[%emt 0:00:05]} Ka6 {[%emt 0:00:04]} 1/2-1/2

[Event "56th Rubinstein Memorial A 2020"]
[Site "Polanica Zdroj"]
[Date "2020.08.23"]
[Round "9.9"]
[White "Bronowicki, Mateusz"]
[Black "Praczukowski, Stanislaw"]
[Result "1/2-1/2"]
[WhiteElo "2275"]
[BlackElo "2132"]
[Annotator "ChessBase"]
[PlyCount "37"]
[EventDate "2020.08.15"]
[EventType "swiss"]
[EventCountry "POL"]
[SourceTitle "playchess.com"]
[Source "ChessBase"]
[SourceQuality "1"]
[TimeControl "40/5400+30:1800+30"]

1. d4 {[%emt 0:00:00]} Nf6 {[%emt 0:00:00]} 2. Bg5 {[%emt 0:00:12]} c5 {[%emt 0:00:11]} 3. d5 {[%emt 0:01:34]} Ne4 {[%emt 0:01:16]} 4. h4 {[%emt 0:03:08]} Qa5+ {[%emt 0:07:14]} 5. c3 {[%emt 0:06:37]} d6 {[%emt 0:07:22]} 6. Nd2 {[%emt 0:01:11]} Nxd2 {[%emt 0:10:17]} 7. Qxd2 {[%emt 0:01:10]} e5 {[%emt 0:04:33]} 8. e4 {[%emt 0:16:44]} h6 {[%emt 0:03:22]} 9. Be3 {[%emt 0:00:46]} Be7 {[%emt 0:00:18]} 10. a4 {[%emt 0:15:37]} Qd8 {[%emt 0:06:19]} 11. g3 {[%emt 0:03:26]} O-O {[%emt 0:01:41]} 12. Bd3 {[%emt 0:03:13]} Na6 {[%emt 0:09:27]} 13. b4 {[%emt 0:05:50]} b6 {[%emt 0:09:13]} 14. g4 {[%emt 0:09:21]} cxb4 {[%emt 0:05:51]} 15. cxb4 {[%emt 0:00:51]} Nb8 {[%emt 0:03:44]} 16. g5 {[%emt 0:06:26]} h5 {[%emt 0:00:30]} 17. Ne2 {[%emt 0:00:48]} a5 {[%emt 0:00:32]} 18. f4 {[%emt 0:08:53]} exf4 {[%emt 0:04:54]} 19. Bxf4 {[%emt 0:01:39]} 1/2-1/2

[Event "56th Rubinstein Memorial A 2020"]
[Site "Polanica Zdroj"]
[Date "2020.08.23"]
[Round "9.10"]
[White "Kowalczyk, Rafal"]
[Black "Golecki, Jan"]
[Result "1-0"]
[WhiteElo "2268"]
[BlackElo "2106"]
[Annotator "ChessBase"]
[PlyCount "62"]
[EventDate "2020.08.15"]
[EventType "swiss"]
[EventCountry "POL"]
[SourceTitle "playchess.com"]
[Source "ChessBase"]
[SourceQuality "1"]
[TimeControl "40/5400+30:1800+30"]

1. d4 {[%emt 0:00:00]} d5 {[%emt 0:00:00]} 2. c4 {[%emt 0:00:09]} e6 {[%emt 0:00:00]} 3. Nc3 {[%emt 0:00:11]} Nf6 {[%emt 0:00:00]} 4. cxd5 {[%emt 0:00:07]} exd5 {[%emt 0:00:00]} 5. Bg5 {[%emt 0:00:10]} c6 {[%emt 0:00:22]} 6. Qc2 {[%emt 0:00:12]} Be6 {[%emt 0:01:32]} 7. e3 {[%emt 0:00:11]} Bd6 {[%emt 0:00:24]} 8. Bd3 {[%emt 0:00:14]} h6 {[%emt 0:01:41]} 9. Bh4 {[%emt 0:00:43]} Nbd7 {[%emt 0:00:58]} 10. Nge2 {[%emt 0:05:07]} Qc7 {[%emt 0:04:00]} 11. Bg3 {[%emt 0:01:21]} a6 {[%emt 0:07:04]} 12. a4 {[%emt 0:10:29]} Nh5 {[%emt 0:04:50]} 13. Bxd6 {[%emt 0:01:06]} Qxd6 {[%emt 0:00:05]} 14. a5 {[%emt 0:00:24]} O-O {[%emt 0:06:42]} 15. O-O {[%emt 0:01:05]} f5 {[%emt 0:03:16]} 16. Rae1 {[%emt 0:22:59]} g6 {[%emt 0:12:19]} 17. f3 {[%emt 0:08:03]} Qb4 {[%emt 0:09:59]} 18. g4 {[%emt 0:02:39]} Ng7 {[%emt 0:20:09]} 19. Nf4 {[%emt 0:01:27]} Bf7 {[%emt 0:01:11]} 20. gxf5 {[%emt 0:00:32]} g5 {[%emt 0:00:15]} 21. Nfe2 {[%emt 0:03:03]} Qxa5 {[%emt 0:02:22]} 22. h4 {[%emt 0:06:45]} Rae8 {[%emt 0:00:43]} 23. hxg5 {[%emt 0:00:28]} hxg5 {[%emt 0:00:45]} 24. Kf2 {[%emt 0:02:44]} c5 {[%emt 0:04:15]} 25. Qd2 {[%emt 0:04:20]} Qb6 {[%emt 0:09:01]} 26. Rh1 {[%emt 0:07:39]} Qf6 {[%emt 0:00:07]} 27. Reg1 {[%emt 0:00:24]} Bh5 {[%emt 0:03:01]} 28. Nxd5 {[%emt 0:00:50]} Qd8 {[%emt 0:03:47]} 29. e4 {[%emt 0:02:10]} cxd4 {[%emt 0:00:12]} 30. Rxg5 {[%emt 0:00:24]} Bxf3 {[%emt 0:00:29]} 31. Rxg7+ {[%emt 0:00:14]} Kxg7 {[%emt 0:00:12]} 1-0

[Event "56th Rubinstein Memorial A 2020"]
[Site "Polanica Zdroj"]
[Date "2020.08.23"]
[Round "9.11"]
[White "Rog, Bartlomiej"]
[Black "Chomczyk, Marek"]
[Result "1-0"]
[WhiteElo "1866"]
[BlackElo "2221"]
[Annotator "ChessBase"]
[PlyCount "115"]
[EventDate "2020.08.15"]
[EventType "swiss"]
[EventCountry "POL"]
[SourceTitle "playchess.com"]
[Source "ChessBase"]
[SourceQuality "1"]
[TimeControl "40/5400+30:1800+30"]

1. e4 {[%emt 0:00:00]} e6 {[%emt 0:00:00]} 2. d3 {[%emt 0:00:07]} d5 {[%emt 0:00:00]} 3. Nd2 {[%emt 0:00:09]} c5 {[%emt 0:00:10]} 4. Ngf3 {[%emt 0:00:11]} Nc6 {[%emt 0:00:08]} 5. g3 {[%emt 0:00:11]} g6 {[%emt 0:00:10]} 6. Bg2 {[%emt 0:00:12]} Bg7 {[%emt 0:00:03]} 7. O-O {[%emt 0:00:12]} Nge7 {[%emt 0:00:16]} 8. Re1 {[%emt 0:00:12]} O-O {[%emt 0:00:17]} 9. e5 {[%emt 0:00:22]} f6 {[%emt 0:02:33]} 10. exf6 {[%emt 0:00:19]} Bxf6 {[%emt 0:01:53]} 11. c4 {[%emt 0:05:40]} Nf5 {[%emt 0:00:05]} 12. Nb3 {[%emt 0:03:48]} b6 {[%emt 0:02:51]} 13. Rb1 {[%emt 0:02:54]} a5 {[%emt 0:00:55]} 14. a4 {[%emt 0:04:15]} Ra7 {[%emt 0:01:08]} 15. Bf4 {[%emt 0:03:48]} Raf7 {[%emt 0:00:58]} 16. Ne5 {[%emt 0:11:27]} Nxe5 {[%emt 0:01:14]} 17. Bxe5 {[%emt 0:03:13]} Bxe5 {[%emt 0:02:38]} 18. Rxe5 {[%emt 0:00:15]} dxc4 {[%emt 0:00:41]} 19. dxc4 {[%emt 0:00:16]} Ba6 {[%emt 0:00:33]} 20. Qxd8 {[%emt 0:02:59]} Rxd8 {[%emt 0:00:03]} 21. Rxe6 {[%emt 0:00:41]} Bxc4 {[%emt 0:06:54]} 22. Rxb6 {[%emt 0:00:25]} Bxb3 {[%emt 0:00:05]} 23. Rxb3 {[%emt 0:00:14]} Rd2 {[%emt 0:00:03]} 24. Rb7 {[%emt 0:28:52]} Nd4 {[%emt 0:01:37]} 25. Rxf7 {[%emt 0:05:04]} Kxf7 {[%emt 0:00:11]} 26. Kf1 {[%emt 0:03:27]} Ke6 {[%emt 0:01:07]} 27. Ke1 {[%emt 0:04:56]} Rc2 {[%emt 0:02:25]} 28. Kf1 {[%emt 0:01:32]} Kd6 {[%emt 0:02:18]} 29. Be4 {[%emt 0:00:55]} Rd2 {[%emt 0:00:07]} 30. h4 {[%emt 0:00:38]} c4 {[%emt 0:00:12]} 31. h5 {[%emt 0:04:40]} gxh5 {[%emt 0:04:11]} 32. Bxh7 {[%emt 0:00:01]} Kc5 {[%emt 0:00:47]} 33. Bg6 {[%emt 0:06:01]} Kb4 {[%emt 0:00:12]} 34. Bxh5 {[%emt 0:00:27]} Kxa4 {[%emt 0:03:09]} 35. Bd1+ {[%emt 0:03:18]} Kb4 {[%emt 0:00:27]} 36. Ke1 {[%emt 0:00:01]} Rd3 {[%emt 0:00:32]} 37. Rc1 {[%emt 0:01:44]} Ne6 {[%emt 0:05:24]} 38. Be2 {[%emt 0:00:02]} Rd4 {[%emt 0:00:02]} 39. Rc3 {[%emt 0:00:42]} Nc5 {[%emt 0:01:00]} 40. f4 {[%emt 0:00:00]} Ne4 {[%emt 0:00:00]} 41. Rf3 {[%emt 0:06:29]} a4 {[%emt 0:14:59]} 42. f5 {[%emt 0:05:47]} Nf6 {[%emt 0:01:02]} 43. Bd1 {[%emt 0:01:40]} Rd8 {[%emt 0:03:23]} 44. Ra3 {[%emt 0:01:27]} Re8+ {[%emt 0:02:23]} 45. Kf1 {[%emt 0:02:00]} Re5 {[%emt 0:00:14]} 46. Rxa4+ {[%emt 0:07:11]} Kb5 {[%emt 0:00:06]} 47. Bc2 {[%emt 0:00:17]} Nd5 {[%emt 0:00:51]} 48. Ra3 {[%emt 0:01:46]} Ne3+ {[%emt 0:00:49]} 49. Rxe3 {[%emt 0:00:01]} Rxe3 {[%emt 0:00:05]} 50. Kf2 {[%emt 0:00:16]} Re8 {[%emt 0:00:05]} 51. g4 {[%emt 0:00:27]} Kc5 {[%emt 0:00:04]} 52. f6 {[%emt 0:01:13]} Kd6 {[%emt 0:00:30]} 53. g5 {[%emt 0:00:46]} Re5 {[%emt 0:01:03]} 54. g6 {[%emt 0:01:34]} Re6 {[%emt 0:07:48]} 55. g7 {[%emt 0:01:11]} Rxf6+ {[%emt 0:00:56]} 56. Kg2 {[%emt 0:00:14]} c3 {[%emt 0:00:44]} 57. bxc3 {[%emt 0:01:24]} Rg6+ {[%emt 0:02:22]} 58. Bxg6 {[%emt 0:00:07]} 1-0